| 000 -LEADER |
| fixed length control field |
01055nam a22002537a 4500 |
| 003 - CONTROL NUMBER IDENTIFIER |
| control field |
OSt |
| 005 - DATE AND TIME OF LATEST TRANSACTION |
| control field |
20251013150603.0 |
| 008 - FIXED-LENGTH DATA ELEMENTS--GENERAL INFORMATION |
| fixed length control field |
251013b ||||| |||| 00| 0 eng d |
| 020 ## - INTERNATIONAL STANDARD BOOK NUMBER |
| International Standard Book Number |
9781474915083 |
| Qualifying information |
book set |
| 040 ## - CATALOGING SOURCE |
| Transcribing agency |
KH8 |
| 082 ## - DEWEY DECIMAL CLASSIFICATION NUMBER |
| Classification number |
FIC STO |
| 100 ## - MAIN ENTRY--PERSONAL NAME |
| Personal name |
Stowell, Louie, |
| Relator term |
author. |
| 245 ## - TITLE STATEMENT |
| Title |
Beauty & the Beast / |
| Statement of responsibility, etc. |
retold by Louie Stowell ; illustrated by Victor Tavares. |
| 260 ## - PUBLICATION, DISTRIBUTION, ETC. |
| Place of publication, distribution, etc. |
England ; |
| Name of publisher, distributor, etc. |
Usborne Publishing Ltd , |
| Date of publication, distribution, etc. |
2006. |
| 300 ## - PHYSICAL DESCRIPTION |
| Extent |
63 pages : |
| Other physical details |
color illustrations ; |
| Dimensions |
20 cm. |
| 490 ## - SERIES STATEMENT |
| Series statement |
Usborne Young Reading |
| Volume/sequential designation |
series two |
| 520 ## - SUMMARY, ETC. |
| Summary, etc. |
"I took a rose from the garden of a monstrous beast and he has sworn to kill me..." When Beauty reads this letter from her father, she bravely rides to the Beast's enchanted castle in his place. The Beast is truly terrifying, but, as Beauty soon realizes, nothing is quite as it seems. |
| 650 ## - SUBJECT ADDED ENTRY--TOPICAL TERM |
| Topical term or geographic name entry element |
Easy reading |
| Form subdivision |
fiction |
| 650 ## - SUBJECT ADDED ENTRY--TOPICAL TERM |
| Topical term or geographic name entry element |
Story book |
| Form subdivision |
fiction |
| 650 ## - SUBJECT ADDED ENTRY--TOPICAL TERM |
| Topical term or geographic name entry element |
Young readers |
| 700 ## - ADDED ENTRY--PERSONAL NAME |
| Personal name |
Tavares, Victor, |
| Relator term |
illustrator. |
| 830 ## - SERIES ADDED ENTRY--UNIFORM TITLE |
| Uniform title |
Usborne Young Reading |
| 942 ## - ADDED ENTRY ELEMENTS (KOHA) |
| Source of classification or shelving scheme |
|
| Koha item type |
Books - Fiction |